000
00325nam a22001457a 4500
008
230502b ||||| |||| 00| 0 eng d
020
_a
9780838910061
041
_a
eng
080
_a
37
082
_a
37SMA
100
_a
22
101
_a
EDU
245
_a
LIBRARIANS AS COMMUNITY PARTNERS
_c
SMALLWOOD .C
942
_2
udc
_c
BK
999
_c
59651
_d
59651